banner-ar

المختار من كتاب ثمرات الاوراق / (Record no. 47047)

MARC details
000 -الفاتح
حقل البيانات ثابتة الطول 00822nam a2200229Ia 4500
008 - عناصر البيانات ثابتة الطول - معلومات عامة
حقل البيانات ثابتة الطول 140319s9999 xx 000 0 ara d
040 ## - مصدر الفهرسة
وكالة الفهرسة الأصلية GCL /
وكالة النسخ GCL
082 04 - رقم تصنيف ديوى العشرى
رقم التصنيف 810.8008
رقم المادة ا م
100 1# - المدخل الرئيسى - إسم شخصى
الإسم الشخصى حامد عبدالقادر
245 10 - بيان العنوان
العنوان المختار من كتاب ثمرات الاوراق /
بيان المسئوليه,etc حامد عبدالقادر
700 1# - المدخل الاضافى - اسم شخصى
الإسم الشخصى ابن حجة الحموى : تقى الدين ابوبكر بن على بن محمد الازرارى
700 1# - المدخل الاضافى - اسم شخصى
الإسم الشخصى يعقوب عبدالنبى
300 ## - الوصف المادى
التعداد 214 ص
490 ## - بيان السلسلة
عنوان السلسلة
650 04 - المدخل الاضافى بالموضوع-مصطلح موضوعى
مصطلح موضوعي العصر المملوكى
650 04 - المدخل الاضافى بالموضوع-مصطلح موضوعى
مصطلح موضوعي النوادرالعربية
650 04 - المدخل الاضافى بالموضوع-مصطلح موضوعى
مصطلح موضوعي الاهاجى والفكاهات العربية
650 04 - المدخل الاضافى بالموضوع-مصطلح موضوعى
مصطلح موضوعي الادب العربى الهزلى
650 04 - المدخل الاضافى بالموضوع-مصطلح موضوعى
مصطلح موضوعي الادب العربى - مجموعات
942 ## - عناصر المدخل الإضافي( كوها)
مصدر التصنيف او مخطط الترفيف Dewey Decimal Classification
Koha [default] item type كتاب
Holdings
حالة التراجع حالة الفقد حالة تلف ليس للاعارة المكان المؤقت الموقع الحالى تاريخ الاكتساب اجمالي اﻻعارات رقم الطلب الباركود تاريخ اخر مشاهدة تاريخ تفعيل السعر نوع وعاء كوها
        مكتبة القاهرة الكبرى مكتبة القاهرة الكبرى 03/26/2014   810.8008\ا م 114106 03/26/2014 03/26/2014 كتاب

Powered By

EGPV